000 00652nam a2200277Ia 4500
005 20260324145235.0
008 008 260324s9999 xx 000 0 eng d
020 _a9781003390480
037 _aEBOOK
040 _aCRL
040 _beng
040 _cCRL
041 _2eng
041 _aeng
084 _qCRL
100 _aVictor George; Profesor Paul Wilding
_91222262
245 4 _aThe Impact of Social Policy
260 _bTaylor and Francis
260 _c1984
365 _a
365 _b180
856 _uhttp://www.taylorfrancis.com/books/9781003390480
942 _cEBOOK
999 _c1829887
_d1829887